Detalles MARC
| 000 -CABECERA |
| campo de control de longitud fija |
01364nam a22002537a 4500 |
| 003 - IDENTIFICADOR DEL NÚMERO DE CONTROL |
| campo de control |
DO-SdBNP |
| 005 - FECHA Y HORA DE LA ÚLTIMA TRANSACCIÓN |
| campo de control |
20260508134417.0 |
| 007 - CAMPO FIJO DE DESCRIPCIÓN FÍSICA--INFORMACIÓN GENERAL |
| campo de control de longitud fija |
ta |
| 008 - DATOS DE LONGITUD FIJA--INFORMACIÓN GENERAL |
| campo de control de longitud fija |
210420b2020 dr ||||| |||| 00| 0 spa d |
| 020 ## - NÚMERO INTERNACIONAL ESTÁNDAR DEL LIBRO |
| Número Internacional Estándar del Libro |
9789945617689 |
| 040 #4 - FUENTE DE LA CATALOGACIÓN |
| Centro catalogador/agencia de origen |
DO-SdBNP |
| Lengua de catalogación |
spa |
| Centro/agencia transcriptor |
BNPHU |
| Normas de descripción |
rda |
| 082 #4 - NÚMERO DE LA CLASIFICACIÓN DECIMAL DEWEY |
| Número de clasificación |
248.4 |
| Número de documento/Ítem |
C352m |
| Número de edición |
22 |
| 100 1# - ENTRADA PRINCIPAL--NOMBRE DE PERSONA |
| Nombre de persona |
Castillo, W.H |
| 9 (RLIN) |
78446 |
| 245 10 - MENCIÓN DE TÍTULO |
| Título |
Mi nueva relación con Jesucristo : |
| Resto del título |
disfrutando las riquezas de una relación restauradora por fe y vivida por gracia / |
| Mención de responsabilidad, etc. |
W.H. Castillo |
| 264 ## - PRODUCCIÓN, PUBLICACIÓN, DISTRIBUCIÓN, FABRICACIÓN Y COPYRIGHT |
| Producción, publicación, distribución, fabricación y copyright |
Santo Domingo : |
| Nombre del de productor, editor, distribuidor, fabricante |
Santuario, |
| Fecha de producción, publicación, distribución, fabricación o copyright |
2020. |
| 300 ## - DESCRIPCIÓN FÍSICA |
| Extensión |
152 p. ; |
| Dimensiones |
24 cm. |
| 336 ## - TIPO DE CONTENIDO |
| Fuente |
rdacontent |
| Término de tipo de contenido |
texto |
| Código de tipo de contenido |
txt |
| 505 0# - NOTA DE CONTENIDO CON FORMATO |
| Nota de contenido con formato |
Agradecimiento -- |
| Título |
Dedicatoria -- |
| -- |
Introducción -- |
| Información miscelánea |
Capitulo 1. |
| Título |
Creados para vivir en comunión con Dios -- |
| Información miscelánea |
Capitulo 2. |
| Título |
Relación quebrantada por el pegado -- |
| Información miscelánea |
Capaitulo 3. |
| Título |
El arependimiento. La puerta de entrada a una nueva relación con Jesucristo -- |
| Información miscelánea |
Capitulo 4. |
| Título |
Una nueva posición en mi nueva relación -- |
| Información miscelánea |
Capitulo 5. |
| Título |
Beneficios de mi nueva relación con Jesucristo -- |
| Información miscelánea |
Capitulo 6. |
| Título |
Prfundizando en mi nueva relación con Jesucristo -- |
| Información miscelánea |
Capitulo 7. |
| Título |
Disfrutando de mi nueva relación con Jesucristo -- |
| -- |
Quiero ser amigo de Dios -- |
| -- |
Conclusión -- |
| -- |
Notas. |
| 590 ## - NOTA LOCAL (RLIN) |
| Nota local |
Inventariado, 2021 / SA |
| 650 #0 - PUNTO DE ACCESO ADICIONAL DE MATERIA--TÉRMINO DE MATERIA |
| Término de materia o nombre geográfico como elemento de entrada |
Fe |
| 9 (RLIN) |
1024 |
| 650 #0 - PUNTO DE ACCESO ADICIONAL DE MATERIA--TÉRMINO DE MATERIA |
| Término de materia o nombre geográfico como elemento de entrada |
Vida cristiana |
| 9 (RLIN) |
668 |
| 910 ## - DATOS DE OPCIÓN DEL USUARIO (OCLC) |
| Datos de opción del usuario |
Saquino/Validado. Control de calidad MFF |
| 942 ## - ELEMENTOS DE PUNTO DE ACCESO ADICIONAL (KOHA) |
| Fuente del sistema de clasificación o colocación |
Dewey Decimal Classification |
| Tipo de ítem Koha |
Libro |